000 00543cam a2200193 4500
008 #DATE n1998 000 0 eng u
035 _a(Sirsi) u123350
050 _a526.9
110 _aFederation International Des Geometres
245 _aXXI International Congress : developing the profession in a developing world (Brighton, 19-25 July 1998).
260 _aLondon
_bFIG
_c1998
300 _a2 CD-ROMS
350 _a0
650 _aCONFERENCES
650 _aSURVEYORS
650 _aCD-ROM
690 _aLAND SURVEYING
942 _n0
999 _c85433
_d85433